Statistics for Name the Author (German Literature)

Click here to take the quiz!

General Stats

  • This quiz has been taken 180 times
    (158 since last reset)
  • The average score is 17 of 46

Answer Stats

WorkAuthor% Correct
The MetamorphosisFranz Kafka
93%
FaustJohann Wolfgang von Goethe
89%
The TrialFranz Kafka
75%
SiddharthaHermann Hesse
71%
Death in VeniceThomas Mann
69%
The Magic MountainThomas Mann
69%
SteppenwolfHermann Hesse
67%
All Quiet on the Western FrontErich Maria Remarque
66%
BuddenbrooksThomas Mann
65%
The Tin DrumGünter Grass
64%
The Sorrows of Young WertherJohann Wolfgang von Goethe
64%
The CastleFranz Kafka
59%
The RobbersFriedrich Schiller
48%
Effi BriestTheodor Fontane
46%
The Glass Bead GameHermann Hesse
45%
Nathan the WiseGotthold Ephraim Lessing
44%
Nathan the WiseGotthold Ephraim Lessing
41%
Narcissus and GoldmundHermann Hesse
41%
The Neverending StoryMichael Ende
41%
Berlin AlexanderplatzAlfred Döblin
39%
Emilia GalottiGotthold Ephraim Lessing
38%
Götz von BerlichingenJohann Wolfgang von Goethe
38%
WoyzeckGeorg Büchner
37%
The Nutcracker and the Mouse King (story)E. T. A. Hoffmann
32%
The Broken JugHeinrich von Kleist
32%
EgmontJohann Wolfgang von Goethe
31%
InkheartCornelia Funke
30%
The ClownHeinrich Böll
28%
Duino ElegiesRainer Maria Rilke
28%
The ReaderBernhard Schlink
26%
The WeaversGerhart Hauptmann
25%
HyperionFriedrich Hölderlin
24%
Hymns to the NightNovalis
23%
Sonnets to OrpheusRainer Maria Rilke
23%
Book of SongsHeinrich Heine
21%
Simplicius SimplicissimusHans Jakob Christoffel von Grimmelshausen
18%
The Piano TeacherElfriede Jelinek
16%
Children's and Household TalesJacob Grimm and Wilhelm Grimm
11%
The SoldiersJakob Michael Reinhold Lenz
10%
The Tongue Set FreeElias Canetti
8%
Der Messias (poem)Friedrich Gottlieb Klopstock
8%
Ship of Fools (satire)Sebastian Brant
8%
Olympian Spring (poem)Carl Friedrich Georg Spitteler
2%
The Land of Green PlumsHerta Müller
2%
Eli: A Mystery Play of the Sufferings of IsraelNelly Sachs
2%
Barbarossa and Other TalesPaul Heyse
1%

Score Distribution

Percentile by Number Answered

Percent of People with Each Score

Your Score History

You have not taken this quiz since the last reset